[Event "Hemer- Sodingen"]
[Site "?"]
[Date "2023.09.10"]
[Round "1.1"]
[White "Werrn, Pascal"]
[Black "Voicu- Jagodzinsky, Carmen"]
[Result "1-0"]
[WhiteElo "2131"]
[BlackElo "2264"]
[PlyCount "105"]
[EventDate "2023.??.??"]
[SourceVersionDate "2023.09.25"]

1. c4 Nf6 2. Nc3 e6 3. e4 d5 4. e5 d4 5. exf6 dxc3 6. bxc3 Qxf6 7. d4 Nd7 8. Nf3 h6 9. Bd3 c5 10. O-O Bd6 11. Qe2 Qe7 12. Re1 b6 13. Be4 Rb8 14. Ne5 Bxe5 15. dxe5 O-O 16. Bf4 Bb7 17. Bc2 Rbd8 18. Qh5 f6 19. exf6 Qxf6 20. Bg3 Qxc3 21. Qg6 Nf6 22. Be5 Qd2 23. Re3 Rd7 24. Bc3 Qd6 25. Rae1 Qf4 26. f3 Qg5 27. Qxg5 hxg5 28. Rxe6 Ba6 29. Bf5 Rb7 30. Bxf6 Rxf6 31. Re8+ Kf7 32. Bc8 Kg6 33. Bxb7 Bxb7 34. R1e7 Ba6 35. Rxa7 Bxc4 36. Ree7 Rd6 37. Rxg7+ Kf5 38. h4 Rd1+ 39. Kh2 gxh4 40. Rg4 Rd4 41. Kh3 Rxg4 42. fxg4+ Kg5 43. a3 Be2 44. Rg7+ Kf6 45. Rb7 b5 46. Rc7 c4 47. Kxh4 Bd1 48. g5+ Kg6 49. g4 Bf3 50. Rc5 Be4 51. Rxb5 c3 52. Rc5 c2 53. a4 1-0

[Event "Hemer- Sodingen"]
[Site "?"]
[Date "2023.09.10"]
[Round "1.2"]
[White "Runte, Moritz"]
[Black "Waldschmidt, Georg"]
[Result "1-0"]
[WhiteElo "2185"]
[BlackElo "2150"]
[PlyCount "75"]
[EventDate "2023.??.??"]
[SourceVersionDate "2023.09.25"]

1. e4 e5 2. Nf3 Nc6 3. Bc4 Nf6 4. d3 Bc5 5. O-O O-O 6. a4 a6 7. c3 d6 8. Na3 h6 9. Nc2 d5 10. exd5 Nxd5 11. Re1 Nb6 12. Bb3 a5 13. Be3 Bd6 14. Bxb6 cxb6 15. Ne3 Bc7 16. Bc4 Ne7 17. Qb3 Kh8 18. Nd5 Nxd5 19. Bxd5 Qf6 20. Re3 Bf5 21. Rae1 Rae8 22. Bxb7 Bd7 23. Bd5 g5 24. Nd2 Qd6 25. Qc4 f5 26. Nf3 Rc8 27. Nxe5 f4 28. Re4 Bf5 29. Qd4 Qf6 30. R4e2 Kg7 31. Nc6 Bd6 32. Qxb6 f3 33. Bxf3 g4 34. Bd5 Bxd3 35. Re6 Rce8 36. Rxe8 Rxe8 37. Rxe8 Qf4 38. Qd4+ 1-0

[Event "Hemer- Sodingen"]
[Site "?"]
[Date "2023.09.10"]
[Round "1.3"]
[White "Boehnke, Martin"]
[Black "Leonard, Timo"]
[Result "1-0"]
[WhiteElo "2139"]
[BlackElo "2223"]
[PlyCount "93"]
[EventDate "2023.??.??"]
[SourceVersionDate "2023.09.25"]

1. d4 d5 2. c4 c6 3. Nf3 Nf6 4. Nc3 e6 5. e3 Nbd7 6. Qc2 Bd6 7. Be2 O-O 8. O-O Qe7 9. e4 Nxe4 10. Nxe4 dxe4 11. Qxe4 f5 12. Qc2 h6 13. Re1 b6 14. Bd2 c5 15. Bd3 Qf7 16. Bc3 Bb7 17. Qe2 Rae8 18. Rad1 Bb8 19. Bc2 Qg6 20. Ba4 Re7 21. Bxd7 Rxd7 22. Qxe6+ Qxe6 23. Rxe6 Bxf3 24. gxf3 cxd4 25. Rxd4 Rxd4 26. Bxd4 Kf7 27. Re2 Rd8 28. Bc3 Bf4 29. h3 Rc8 30. b3 b5 31. Bd4 bxc4 32. Rc2 a6 33. Rxc4 Rxc4 34. bxc4 Ke6 35. Kf1 Be5 36. Bc5 Bc7 37. Ke2 Ke5 38. Bf8 Kd4 39. Bxg7+ Kxc4 40. Bxh6 Be5 41. Kd2 Bf6 42. f4 a5 43. Bg5 Bc3+ 44. Kc2 Be1 45. f3 Kd4 46. h4 Ke3 47. h5 1-0

[Event "Hemer- Sodingen"]
[Site "?"]
[Date "2023.09.10"]
[Round "1.4"]
[White "Xue, Luka"]
[Black "Becker, Joerg"]
[Result "1-0"]
[WhiteElo "1925"]
[BlackElo "2192"]
[PlyCount "113"]
[EventDate "2023.??.??"]
[SourceVersionDate "2023.09.25"]

1. d4 d5 2. c4 e6 3. Nc3 Nf6 4. cxd5 exd5 5. Bg5 Be7 6. e3 O-O 7. Bd3 c6 8. Qc2 h6 9. Bf4 Bd6 10. Nge2 Re8 11. h3 Bxf4 12. Nxf4 Qd6 13. O-O b5 14. Rac1 Na6 15. a3 Bd7 16. Nb1 Rac8 17. b4 Nc7 18. Nd2 g5 19. Ne2 Ne6 20. Ng3 Ng7 21. Nb3 Rcd8 22. Nc5 Bc8 23. Nb3 Bd7 24. Nc5 Bc8 25. Nb3 Bd7 26. Na5 Rc8 27. Nb7 Qf8 28. Qc5 Ne6 29. Qxf8+ Rxf8 30. Nf5 h5 31. Ne7+ Kg7 32. Nxc8 Rxc8 33. Rc2 Rb8 34. Na5 Nd8 35. Nb3 Nb7 36. f3 Re8 37. Kf2 Nd6 38. Nc5 Bc8 39. Re1 h4 40. e4 Nc4 41. exd5 Rxe1 42. Kxe1 Nxd5 43. Bxc4 bxc4 44. Kf2 c3 45. Ne4 Bf5 46. Rc1 f6 47. Nxc3 Nf4 48. Rd1 Bc2 49. Rd2 Bb3 50. b5 cxb5 51. Nxb5 a6 52. Nc7 Bc4 53. d5 Nd3+ 54. Rxd3 Bxd3 55. d6 Kf7 56. d7 Ke7 57. Ne6 1-0

[Event "Hemer- Sodingen"]
[Site "?"]
[Date "2023.09.10"]
[Round "1.5"]
[White "Banik, Thorsten"]
[Black "Jagodzinsky, Andreas"]
[Result "1/2-1/2"]
[WhiteElo "2115"]
[BlackElo "2176"]
[PlyCount "42"]
[EventDate "2023.??.??"]
[SourceVersionDate "2023.09.25"]

1. d4 Nf6 2. Bg5 d5 3. Bxf6 exf6 4. e3 Bd6 5. c4 dxc4 6. Bxc4 O-O 7. Nc3 f5 8. g3 Nc6 9. Bd5 Ne7 10. Bg2 c6 11. Nge2 Qb6 12. Qc2 Be6 13. O-O Rac8 14. Rac1 Qa5 15. a3 b5 16. Ra1 Qb6 17. Nf4 Bxf4 18. gxf4 Rfd8 19. Rac1 c5 20. dxc5 Rxc5 21. Rfd1 Rcc8 1/2-1/2

[Event "Hemer- Sodingen"]
[Site "?"]
[Date "2023.09.10"]
[Round "1.6"]
[White "Hofmann, Benjamin"]
[Black "Mueller, Frank"]
[Result "1-0"]
[WhiteElo "1787"]
[BlackElo "1970"]
[PlyCount "81"]
[EventDate "2023.??.??"]
[SourceVersionDate "2023.09.25"]

1. e4 c5 2. Nc3 Nc6 3. f4 g6 4. Nf3 Bg7 5. Bb5 Nd4 6. O-O a6 7. Bd3 b5 8. Nxd4 cxd4 9. Ne2 Bb7 10. Ng3 Nh6 11. Qe2 O-O 12. f5 Be5 13. c3 Qb6 14. Kh1 Rad8 15. Bc2 f6 16. d3 g5 17. cxd4 Bxd4 18. Bb3+ Nf7 19. Qh5 d5 20. h4 gxh4 21. Rf4 Ne5 22. Rxh4 Rf7 23. Ne2 Nxd3 24. Nxd4 Qxd4 25. exd5 Nf2+ 26. Kh2 Qc5 27. Qf3 Bxd5 28. Bxd5 Rxd5 29. Be3 Qd6+ 30. Bf4 Qd7 31. Qxf2 Rxf5 32. Rg4+ Rg7 33. Rxg7+ Kxg7 34. Qg3+ Kf7 35. Qb3+ Kg7 36. Rd1 Qa7 37. Qg3+ Kf7 38. Qg4 Qc5 39. Rd3 h5 40. Qg3 Qc4 41. Bh6 1-0

[Event "Hemer- Sodingen"]
[Site "?"]
[Date "2023.09.10"]
[Round "1.7"]
[White "Berndt, Joachim"]
[Black "Stahlschmidt, Timo"]
[Result "1/2-1/2"]
[WhiteElo "2058"]
[BlackElo "1858"]
[PlyCount "82"]
[EventDate "2023.??.??"]
[SourceVersionDate "2023.09.25"]

1. c4 e6 2. Nf3 d5 3. g3 c5 4. Bg2 Nf6 5. O-O Nc6 6. cxd5 exd5 7. d4 Be7 8. dxc5 Bxc5 9. a3 Ne4 10. b4 Be7 11. Bb2 Bf6 12. Bxf6 Qxf6 13. Ra2 O-O 14. Nfd2 Bf5 15. Nxe4 dxe4 16. Nd2 Qe6 17. Qa1 e3 18. Nf3 a6 19. fxe3 Qxe3+ 20. Kh1 Rad8 21. Qc1 Qe6 22. Rd2 Rxd2 23. Qxd2 h6 24. Nd4 Nxd4 25. Qxd4 Bh3 26. Bxh3 Qxh3 27. Rd1 Qe6 28. Rd2 Qc6+ 29. Qd5 Qc1+ 30. Rd1 Qc2 31. Qd3 Qc6+ 32. Qf3 Qc7 33. Kg2 Re8 34. Rd3 Re6 35. Re3 Qb6 36. Rxe6 Qxe6 37. Kf2 Qb6+ 38. Qe3 Qf6+ 39. Qf3 Qb6+ 40. Qe3 Qf6+ 41. Qf3 Qb6+ 1/2-1/2

[Event "Hemer- Sodingen"]
[Site "?"]
[Date "2023.09.10"]
[Round "1.8"]
[White "Proeschold, Bernd"]
[Black "Hille, Ingo"]
[Result "1/2-1/2"]
[WhiteElo "2055"]
[BlackElo "2080"]
[PlyCount "55"]
[EventDate "2023.??.??"]
[SourceVersionDate "2023.09.25"]

1. e4 d5 2. exd5 Nf6 3. Bb5+ Bd7 4. Bc4 Bg4 5. f3 Bf5 6. Nc3 Nbd7 7. Qe2 Nb6 8. g4 Bc8 9. b3 Nfxd5 10. Nxd5 Nxd5 11. Bb2 c6 12. O-O-O h5 13. Qg2 b5 14. Bxd5 Qxd5 15. h3 hxg4 16. hxg4 Rxh1 17. Qxh1 Bd7 18. Ne2 O-O-O 19. Nc3 Qd6 20. Qg1 Qc7 21. Ne4 Kb8 22. Qe3 f6 23. Nc5 Bc8 24. Ne6 Bxe6 25. Qxe6 Qd7 26. Qxd7 Rxd7 27. f4 e6 28. Re1 1/2-1/2

[Event "Herford- Werther"]
[Site "?"]
[Date "2023.09.10"]
[Round "1.1"]
[White "Haskenhoff, Jan"]
[Black "Loemker, Michael"]
[Result "0-1"]
[WhiteElo "2174"]
[BlackElo "2109"]
[PlyCount "92"]
[EventDate "2023.??.??"]
[SourceVersionDate "2023.09.25"]

1. e4 g6 2. d4 Bg7 3. Bc4 d6 4. Nf3 Nf6 5. Qe2 c6 6. e5 dxe5 7. dxe5 Nd5 8. O-O O-O 9. h3 h6 10. Re1 e6 11. Nbd2 Nd7 12. Nf1 Re8 13. Ng3 b5 14. Bb3 a5 15. c4 bxc4 16. Qxc4 Qb6 17. Qh4 Qb4 18. Re4 Qe7 19. Qg4 Nc5 20. Rc4 Ba6 21. Rxc5 Qxc5 22. Ne4 Qe7 23. h4 Be2 24. h5 Bxf3 25. gxf3 Bxe5 26. Bxh6 Nf6 27. Nxf6+ Qxf6 28. Bc2 Qh8 29. Qg5 Bf6 30. Qf4 e5 31. Qe3 g5 32. Bxg5 Qg7 33. Kh1 Bxg5 34. Qe4 Qh6 35. Kg2 Rad8 36. Rg1 Rd4 37. Qf5 Rf4 38. Qd7 Rd8 39. Qc7 Qd6 40. Qxa5 Qd5 41. Qa3 Kg7 42. h6+ Kf6 43. h7 Rg4+ 44. Kf1 Qc4+ 45. Bd3 Qc1+ 46. Ke2 Qd2+ 0-1

[Event "Herford- Werther"]
[Site "?"]
[Date "2023.09.10"]
[Round "1.2"]
[White "Quelle, Helmut"]
[Black "Freiberger, Jonas"]
[Result "0-1"]
[WhiteElo "2055"]
[BlackElo "2206"]
[PlyCount "44"]
[EventDate "2023.??.??"]
[SourceVersionDate "2023.09.25"]

1. Nf3 f5 2. g3 Nf6 3. Bg2 g6 4. c4 Bg7 5. Nc3 d6 6. d4 O-O 7. O-O Nc6 8. d5 Na5 9. Qa4 c5 10. dxc6 Nxc6 11. c5 d5 12. Rd1 e6 13. Rb1 Ne4 14. Nxe4 fxe4 15. Ng5 Bd7 16. Qc2 Qa5 17. b4 Nxb4 18. Qb3 Na6 19. Nxe4 dxe4 20. Bd2 Qa4 21. Qe3 Bd4 22. Qxe4 Nxc5 0-1

[Event "Herford- Werther"]
[Site "?"]
[Date "2023.09.10"]
[Round "1.3"]
[White "Suchland, Marko"]
[Black "Stoimenov, Ivan"]
[Result "1-0"]
[WhiteElo "2151"]
[BlackElo "2089"]
[PlyCount "81"]
[EventDate "2023.??.??"]
[SourceVersionDate "2023.09.25"]

1. e4 e5 2. Nc3 Nc6 3. Bc4 Nf6 4. d3 Bc5 5. f4 d6 6. Nf3 h6 7. Na4 Bb6 8. Nxb6 axb6 9. a3 Qe7 10. O-O Be6 11. fxe5 dxe5 12. Bxe6 Qxe6 13. Bd2 O-O-O 14. b4 Qd6 15. Bc3 Rhg8 16. Kh1 Qe6 17. Qe2 g5 18. b5 Nd4 19. Nxd4 exd4 20. Bd2 Rg6 21. Qf2 Rd7 22. Qf5 Ne8 23. a4 Qxf5 24. Rxf5 Rf6 25. Raf1 Rdd6 26. Kg1 Rxf5 27. Rxf5 Rf6 28. Rxf6 Nxf6 29. h4 Nh7 30. Kf2 Kd7 31. Kf3 Ke6 32. hxg5 hxg5 33. Kg4 Nf6+ 34. Kxg5 Nd7 35. Bb4 Ke5 36. Ba3 Nc5 37. Bxc5 bxc5 38. a5 Kd6 39. e5+ Kd7 40. Kf6 c6 41. a6 1-0

[Event "Herford- Werther"]
[Site "?"]
[Date "2023.09.10"]
[Round "1.5"]
[White "Henkemeier, Markus"]
[Black "Klemme, Thomas"]
[Result "1/2-1/2"]
[WhiteElo "2024"]
[BlackElo "1945"]
[PlyCount "178"]
[EventDate "2023.??.??"]
[SourceVersionDate "2023.09.25"]

1. d4 d5 2. Bf4 Nf6 3. e3 Bf5 4. Nf3 e6 5. Nbd2 Bd6 6. Be2 O-O 7. Nh4 Bxf4 8. exf4 Qd6 9. Nxf5 exf5 10. g3 Nc6 11. c3 Rfe8 12. O-O Re7 13. Bd3 g6 14. Nf3 Rae8 15. Qb3 Nd8 16. Rfd1 c6 17. a4 Ne6 18. Bf1 Kg7 19. a5 Rb8 20. Ne5 Ne8 21. Bg2 f6 22. Nd3 N8c7 23. Nb4 a6 24. Nc2 Kh8 25. Ne3 Nb5 26. Rd2 Qd8 27. Qd1 Rd7 28. Re2 Qg8 29. Qd3 Nd6 30. Rae1 Re8 31. Qb1 Ng7 32. b3 Ne4 33. Qc2 Qf7 34. Nd1 Nd6 35. Nb2 Rde7 36. Bf1 Re4 37. Nd3 Ne6 38. f3 Rxe2 39. Rxe2 Kg7 40. Nf2 Qc7 41. Qa2 Kf7 42. Rd2 Nb5 43. Qa1 Qd6 44. Bxb5 cxb5 45. Nd3 Nd8 46. Nc5 Qe7 47. Qb2 Qe3+ 48. Kg2 Re7 49. b4 Kf8 50. Rf2 Ne6 51. Qd2 Qxd2 52. Rxd2 Nd8 53. Kf2 Kf7 54. g4 fxg4 55. fxg4 h6 56. f5 g5 57. Nd3 Re4 58. Kf3 Re7 59. h4 Kg7 60. hxg5 hxg5 61. Nc5 Kg8 62. Rh2 Kg7 63. Rh1 Kg8 64. Nd3 Kg7 65. Nb2 Rc7 66. Nd1 Kg8 67. Ke3 Kg7 68. Kd3 Kg8 69. Ne3 Rd7 70. Rh6 Kg7 71. Rg6+ Kf7 72. Nf1 Nc6 73. Ng3 Ne7 74. Rh6 Kg7 75. Rh2 Ng8 76. Nf1 Re7 77. Ne3 Rd7 78. Rc2 Nh6 79. Ke2 Re7 80. Kf3 Rd7 81. Re2 Nf7 82. Nd1 Nd8 83. Nf2 Kf7 84. Nd3 Re7 85. Rh2 Kg7 86. Nc5 Kg8 87. Rh6 Kg7 88. Rg6+ Kf7 89. Rh6 Kg7 1/2-1/2

[Event "Herford- Werther"]
[Site "?"]
[Date "2023.09.10"]
[Round "1.7"]
[White "Prochnow, Malte"]
[Black "Fischer, Eckhard"]
[Result "1-0"]
[WhiteElo "1861"]
[BlackElo "1828"]
[PlyCount "35"]
[EventDate "2023.??.??"]
[SourceVersionDate "2023.09.25"]

1. e4 c6 2. c4 d5 3. cxd5 cxd5 4. exd5 Nf6 5. Nc3 g6 6. Bc4 Bg7 7. Nf3 O-O 8. O-O Nbd7 9. d3 a6 10. a4 b6 11. Re1 Bb7 12. Bf4 Re8 13. d4 Rc8 14. Qb3 Nf8 15. Ne5 e6 16. Nxf7 Kxf7 17. dxe6+ Ke7 18. Qa3+ 1-0

[Event "Kirchlengern- Lippstadt"]
[Site "?"]
[Date "2023.09.10"]
[Round "1.1"]
[White "Besou, Hussain"]
[Black "Gulatz, Maurice"]
[Result "1-0"]
[WhiteElo "2364"]
[BlackElo "2157"]
[PlyCount "93"]
[EventDate "2023.??.??"]
[SourceVersionDate "2023.09.25"]

1. e4 c5 2. Nf3 e6 3. d4 cxd4 4. Nxd4 Nc6 5. Nc3 Qc7 6. Be3 a6 7. Qd2 Nf6 8. f3 Be7 9. O-O-O b5 10. g4 Nxd4 11. Bxd4 Bb7 12. g5 Nh5 13. Kb1 O-O 14. Ne2 e5 15. Bc3 Rac8 16. Ba5 Qc5 17. c3 d6 18. Bh3 Rce8 19. Bd7 Ra8 20. Bg4 Nf4 21. Nxf4 exf4 22. Qxf4 Bxg5 23. Qxd6 Qxd6 24. Rxd6 g6 25. Bd7 Bf4 26. Rd3 Kg7 27. h3 Kf6 28. a4 bxa4 29. Bxa4 h5 30. Bd7 Bc8 31. Bc6 Rb8 32. Bd8+ Kg7 33. Be7 Rg8 34. Bd5 Re8 35. Bc5 Be6 36. Bd4+ Kh6 37. c4 f5 38. c5 fxe4 39. fxe4 Bc7 40. Rf1 Rbd8 41. Be3+ Kg7 42. Bg5 Rc8 43. Bxe6 Rxe6 44. Rd7+ Kg8 45. Bf6 Be5 46. Rg7+ Kh8 47. Rc7+ 1-0

[Event "Kirchlengern- Lippstadt"]
[Site "?"]
[Date "2023.09.10"]
[Round "1.2"]
[White "Braun, Peter"]
[Black "Wagner, Alexej"]
[Result "1-0"]
[WhiteElo "1918"]
[BlackElo "2183"]
[PlyCount "53"]
[EventDate "2023.??.??"]
[SourceVersionDate "2023.09.25"]

1. c4 e6 2. Nf3 d5 3. d4 Nf6 4. g3 dxc4 5. Bg2 c5 6. O-O Nc6 7. Ne5 Bd7 8. Nxc6 Bxc6 9. Bxc6+ bxc6 10. Qa4 cxd4 11. Qxc6+ Nd7 12. Qxc4 Bc5 13. Nd2 O-O 14. Nb3 Bb6 15. Bd2 Rc8 16. Qa6 Qf6 17. a4 Rb8 18. Bb4 Rfc8 19. Bd6 Bc7 20. Rfc1 Qd8 21. Nxd4 Rb6 22. Bxc7 Rxc7 23. Qa5 Kf8 24. Nb5 Rc5 25. Qxa7 g6 26. Rd1 Rd5 27. e4 1-0

[Event "Kirchlengern- Lippstadt"]
[Site "?"]
[Date "2023.09.10"]
[Round "1.3"]
[White "Tran, Cuong"]
[Black "Ott, Mathias"]
[Result "1-0"]
[WhiteElo "2097"]
[BlackElo "1990"]
[PlyCount "63"]
[EventDate "2023.??.??"]
[SourceVersionDate "2023.09.25"]

1. e4 e6 2. d3 d5 3. Nd2 Nf6 4. Ngf3 Bc5 5. e5 Nfd7 6. g3 O-O 7. Bg2 Nc6 8. Nb3 Bb6 9. d4 a5 10. a4 Ne7 11. O-O c5 12. c3 cxd4 13. cxd4 Nb8 14. Qd3 h6 15. Bd2 Nbc6 16. Rfc1 Nf5 17. Bh3 Qe7 18. Bg2 Bd7 19. Bc3 Rfc8 20. Qd2 Nb4 21. g4 Nh4 22. Nxh4 Qxh4 23. Bxb4 axb4 24. Qxb4 Bd8 25. Qxb7 Rcb8 26. Qxd7 Rxb3 27. Qe8+ Kh7 28. Qxf7 Rxb2 29. Rc6 Rxa4 30. Rf1 Rxd4 31. Rxe6 Rxg4 32. Qf5+ 1-0

[Event "Kirchlengern- Lippstadt"]
[Site "?"]
[Date "2023.09.10"]
[Round "1.4"]
[White "Dilger, Tim"]
[Black "Kuehler, Andreas"]
[Result "1-0"]
[WhiteElo "1869"]
[BlackElo "1986"]
[PlyCount "105"]
[EventDate "2023.??.??"]
[SourceVersionDate "2023.09.25"]

1. d4 Nf6 2. c4 e5 3. e3 exd4 4. exd4 Bb4+ 5. Bd2 Bxd2+ 6. Qxd2 d5 7. cxd5 O-O 8. Bc4 Nxd5 9. Nc3 Re8+ 10. Nge2 Be6 11. Bb3 Nxc3 12. bxc3 Qe7 13. Rb1 Nd7 14. Rb2 Nb6 15. Qd3 Qa3 16. Qc2 Nc4 17. Rb1 Qa6 18. Qd3 Qc6 19. O-O Bd5 20. Nf4 b5 21. Nxd5 Qxd5 22. a4 a6 23. Ba2 c6 24. Rb4 c5 25. Bxc4 bxc4 26. Qxc4 Qxc4 27. Rxc4 cxd4 28. cxd4 Red8 29. Rd1 Rd5 30. Rc5 Rad8 31. Rxd5 Rxd5 32. Kf1 Kf8 33. Ke2 Ke7 34. Kd3 Ra5 35. Ra1 Kd6 36. Kc4 Rf5 37. f3 Kc6 38. Re1 Kd6 39. Re5 Rf6 40. Ra5 Kc7 41. Rg5 g6 42. Re5 Kd7 43. Re2 Rb6 44. d5 Kd6 45. Re8 a5 46. Rd8+ Ke7 47. Ra8 Rb4+ 48. Kc5 Rxa4 49. Ra7+ Kf6 50. d6 Ra2 51. Kc6 Rc2+ 52. Kd7 Rc5 53. Kd8 1-0

[Event "Kirchlengern- Lippstadt"]
[Site "?"]
[Date "2023.09.10"]
[Round "1.5"]
[White "Schulte, Tobias"]
[Black "Kneumann, Benjamin"]
[Result "0-1"]
[WhiteElo "1829"]
[BlackElo "1853"]
[PlyCount "62"]
[EventDate "2023.??.??"]
[SourceVersionDate "2023.09.25"]

1. e4 e6 2. d4 d5 3. Nc3 Nf6 4. e5 Nfd7 5. Nce2 c5 6. c3 Nc6 7. Nf3 Be7 8. Nf4 Qb6 9. a3 cxd4 10. cxd4 g5 11. Nxe6 fxe6 12. Nxg5 Nf8 13. Bd3 Qxd4 14. O-O Qh4 15. g3 Qd4 16. Re1 h5 17. h4 Bd7 18. Be3 Qxe5 19. b4 a6 20. Qc2 Qg7 21. Rad1 Bxg5 22. Bxg5 Nd4 23. Qc5 Nf3+ 24. Kh1 Nxg5 25. hxg5 h4 26. g4 Qxg5 27. Qd4 Rg8 28. f3 Ng6 29. Bxg6+ Rxg6 30. Re5 Qf6 31. Qxd5 Bc6 0-1

[Event "Kamen- Hamm"]
[Site "?"]
[Date "2023.09.10"]
[Round "1.1"]
[White "Frombach, Ralf"]
[Black "Luetke, Jens"]
[Result "1-0"]
[WhiteElo "2199"]
[BlackElo "2188"]
[PlyCount "65"]
[EventDate "2023.??.??"]
[SourceVersionDate "2023.09.25"]

1. Nf3 c5 2. c3 Nf6 3. d4 e6 4. Bf4 Qb6 5. Qb3 Nc6 6. e3 Qxb3 7. axb3 b6 8. h3 Bb7 9. Na3 Be7 10. dxc5 Bxc5 11. Nb5 O-O 12. Nd6 Bxd6 13. Bxd6 Rfc8 14. Be2 Ne4 15. Bh2 a5 16. O-O Ba6 17. Bxa6 Rxa6 18. b4 b5 19. bxa5 Rxa5 20. Rxa5 Nxa5 21. Nd4 Nc4 22. Rb1 Ned2 23. Rd1 Ne4 24. Nxb5 Nxb2 25. Rxd7 h5 26. Bc7 Ra8 27. Rd8+ Rxd8 28. Bxd8 Nd1 29. c4 Ndxf2 30. c5 Kf8 31. c6 Ke8 32. c7 Kd7 33. Na7 1-0

[Event "Kamen- Hamm"]
[Site "?"]
[Date "2023.09.10"]
[Round "1.2"]
[White "Huckebrink, Chris"]
[Black "Prueß, Wilfried"]
[Result "1-0"]
[WhiteElo "2193"]
[BlackElo "2113"]
[PlyCount "64"]
[EventDate "2023.??.??"]
[SourceVersionDate "2023.09.25"]

1. e4 c6 2. d4 d5 3. e5 Bf5 4. h4 h6 5. g4 Bd7 6. Bd3 e6 7. Be3 Na6 8. c3 c5 9. a3 Rc8 10. b4 cxb4 11. cxb4 h5 12. gxh5 Nb8 13. Qf3 Nh6 14. Ne2 Nf5 15. Bxf5 exf5 16. Nbc3 Be6 17. Bg5 Qd7 18. Nf4 Rc4 19. Rd1 Nc6 20. Nce2 b5 21. O-O a6 22. Rd3 Be7 23. Re1 Qd8 24. Qg2 Qd7 25. Kf1 Kd8 26. Bxe7+ Nxe7 27. Qxg7 Rg8 28. Qf6 Kc7 29. h6 Rg6 30. Nxg6 Nxg6 31. h7 f4 32. Nxf4 Nxf4 1-0

[Event "Kamen- Hamm"]
[Site "?"]
[Date "2023.09.10"]
[Round "1.3"]
[White "Gerard, Marcel"]
[Black "Weidemann, Christian"]
[Result "1-0"]
[WhiteElo "2074"]
[BlackElo "2217"]
[PlyCount "49"]
[EventDate "2023.??.??"]
[SourceVersionDate "2023.09.25"]

1. c4 e5 2. g3 Nf6 3. Bg2 c6 4. d4 exd4 5. Nf3 d5 6. cxd5 Qxd5 7. Qxd4 Bc5 8. Qxd5 Nxd5 9. a3 O-O 10. O-O Re8 11. Re1 Bf5 12. Nbd2 Nf6 13. b4 Bb6 14. Bb2 Ne4 15. e3 Nd7 16. Nh4 Nxd2 17. Nxf5 Ne5 18. Bxe5 Rxe5 19. Nd6 a5 20. Red1 Nb3 21. Rab1 a4 22. Nxb7 Re6 23. Nd6 Bc7 24. Nc4 Rc8 25. Bh3 1-0

[Event "Kamen- Hamm"]
[Site "?"]
[Date "2023.09.10"]
[Round "1.4"]
[White "Himmel, Hansjoerg"]
[Black "Schmidt, Ingo"]
[Result "0-1"]
[WhiteElo "2243"]
[BlackElo "2017"]
[PlyCount "56"]
[EventDate "2023.??.??"]
[SourceVersionDate "2023.09.25"]

1. e4 e5 2. Nf3 Nc6 3. Bb5 a6 4. Bxc6 dxc6 5. O-O f6 6. d4 Bg4 7. c3 Bd6 8. Nbd2 Qe7 9. h3 Bh5 10. Re1 O-O-O 11. Nf1 Bxf3 12. Qxf3 h5 13. Be3 g5 14. Rad1 Kb8 15. dxe5 Bxe5 16. Bd4 g4 17. hxg4 hxg4 18. Qxg4 Nh6 19. Qf3 Rdg8 20. Bxe5 fxe5 21. g3 Nf7 22. Ne3 Ng5 23. Qg2 Qc5 24. Rd2 Qb5 25. c4 Qb4 26. Red1 Rf8 27. Nf5 Qxc4 28. b3 Qb5 {ZÜ} 0-1

[Event "Kamen- Hamm"]
[Site "?"]
[Date "2023.09.10"]
[Round "1.5"]
[White "Paduch, Alexander"]
[Black "Seepe, Udo"]
[Result "1/2-1/2"]
[WhiteElo "1995"]
[BlackElo "2120"]
[PlyCount "24"]
[EventDate "2023.??.??"]
[SourceVersionDate "2023.09.25"]

1. e4 e6 2. d4 d5 3. Nc3 dxe4 4. Nxe4 Nd7 5. Nf3 Ngf6 6. Bd3 Nxe4 7. Bxe4 Nf6 8. Bd3 c5 9. c3 cxd4 10. Nxd4 a6 11. O-O Be7 12. Bf4 Nd5 1/2-1/2

[Event "Kamen- Hamm"]
[Site "?"]
[Date "2023.09.10"]
[Round "1.6"]
[White "Georg, Felix"]
[Black "Klaus, Michael"]
[Result "1-0"]
[WhiteElo "2047"]
[BlackElo "1939"]
[PlyCount "57"]
[EventDate "2023.??.??"]
[SourceVersionDate "2023.09.25"]

1. c4 c5 2. Nc3 Nc6 3. g3 g6 4. Bg2 Bg7 5. a3 Nf6 6. Rb1 O-O 7. b4 cxb4 8. axb4 d6 9. Nf3 Rb8 10. O-O Bf5 11. d3 Qc8 12. b5 Na5 13. e4 Bg4 14. Re1 Re8 15. Qd2 b6 16. Ba3 Nd7 17. Nd5 Ne5 18. Nxe5 Bxe5 19. Bb4 Nb7 20. Bc3 Bg7 21. Ra1 Bxc3 22. Qxc3 Na5 23. e5 dxe5 24. Qxe5 Be6 25. Nc7 Rd8 26. Na6 Rb7 27. Bxb7 Qxb7 28. Nc7 Rd6 29. Ne8 1-0

[Event "Kamen- Hamm"]
[Site "?"]
[Date "2023.09.10"]
[Round "1.7"]
[White "Sporkert, Corina"]
[Black "Bui, Hoan Tam"]
[Result "1-0"]
[WhiteElo "1780"]
[BlackElo "1777"]
[PlyCount "71"]
[EventDate "2023.??.??"]
[SourceVersionDate "2023.09.25"]

1. e4 e6 2. d4 d5 3. exd5 exd5 4. Nf3 Nf6 5. Bd3 c5 6. dxc5 Bxc5 7. O-O O-O 8. h3 h6 9. Nc3 Nc6 10. a3 a6 11. b4 Be7 12. Bb2 Be6 13. Re1 Rc8 14. Ne2 Ne4 15. Ned4 Nxd4 16. Nxd4 Nxf2 17. Kxf2 Bh4+ 18. g3 Bxh3 19. Qf3 Bf6 20. Rh1 Qb6 21. c3 Rc6 22. Rxh3 Bxd4+ 23. cxd4 Rf6 24. Bf5 g6 25. g4 gxf5 26. gxf5 Rc8 27. Rg3+ Kf8 28. Rag1 Rc2+ 29. Ke1 Rxb2 30. Rg8+ Ke7 31. Qe3+ Kd6 32. Qe5+ Kd7 33. Qxd5+ Rd6 34. Qxf7+ Kc6 35. Qc4+ Kd7 36. R1g7# 1-0

[Event "Werther- Kamen"]
[Site "?"]
[Date "2023.10.22"]
[Round "2.1"]
[White "Luetke, Jens"]
[Black "Haskenhoff, Jan"]
[Result "0-1"]
[WhiteElo "2178"]
[BlackElo "2162"]
[PlyCount "92"]
[EventDate "2023.??.??"]
[SourceVersionDate "2023.09.25"]

1. e4 c5 2. Nf3 d6 3. Bb5+ Nc6 4. O-O Bd7 5. Re1 a6 6. Bf1 Nf6 7. c3 Bg4 8. h3 Bxf3 9. Qxf3 g6 10. d3 Bg7 11. Qd1 Nd7 12. Bg5 O-O 13. Qc1 b5 14. Bh6 b4 15. Bxg7 Kxg7 16. Nd2 e5 17. Be2 Re8 18. a3 bxc3 19. bxc3 Rb8 20. Bd1 Qc7 21. Re3 Na5 22. h4 h5 23. Rg3 Nf6 24. Nf1 Nb3 25. Bxb3 Rxb3 26. Ne3 Rh8 27. Rb1 Rxb1 28. Qxb1 Kh7 29. Qd1 Qe7 30. Qf3 Rb8 31. Rg5 Rb1+ 32. Kh2 Qe6 33. g3 Rb3 34. Qd1 Rxc3 35. f4 exf4 36. gxf4 Ng4+ 37. Nxg4 hxg4 38. h5 Qa2+ 39. Kg3 Qxa3 40. hxg6+ fxg6 41. Qh1+ Kg7 42. Rxg6+ Kxg6 43. f5+ Kg7 44. f6+ Kg6 45. Kxg4 Rxd3 46. Qh5+ Kxf6 0-1

[Event "Werther- Kamen"]
[Site "?"]
[Date "2023.10.22"]
[Round "2.2"]
[White "Freiberger, Jonas"]
[Black "Huckebrink, Chris"]
[Result "0-1"]
[WhiteElo "2212"]
[BlackElo "2204"]
[PlyCount "124"]
[EventDate "2023.??.??"]
[SourceVersionDate "2023.09.25"]

1. e4 c5 2. d4 cxd4 3. c3 dxc3 4. Nxc3 Nc6 5. Nf3 e6 6. Bc4 Nge7 7. Bg5 h6 8. Nb5 d5 9. exd5 hxg5 10. dxc6 Nxc6 11. Qxd8+ Kxd8 12. O-O g4 13. Ng5 Ke7 14. Nc7 Rb8 15. Rfe1 Rh5 16. f4 gxf3 17. Nxf3 Kd8 18. Nb5 Bc5+ 19. Kf1 a6 20. Rad1+ Bd7 21. Nd6 Bxd6 22. Rxd6 Kc7 23. Rd2 Rd8 24. a3 Na5 25. Be2 Bb5 26. Rc1+ Nc6 27. Bxb5 Rxb5 28. Rxd8 Kxd8 29. b4 a5 30. bxa5 Nxa5 31. h4 Kd7 32. Rd1+ Rd5 33. Rb1 f6 34. Rb4 Ke7 35. Ke2 Rd7 36. Ke3 Nc6 37. Rb5 Na7 38. Rb4 Nc8 39. g4 Nd6 40. Nd4 Nf7 41. Rb6 Nd6 42. Rb4 Rc7 43. Kd3 Rc1 44. a4 Rh1 45. h5 f5 46. gxf5 exf5 47. Nb3 Rxh5 48. Nc5 Rh8 49. a5 Ra8 50. Nxb7 Nxb7 51. Rxb7+ Kf6 52. Rb6+ Kg5 53. a6 f4 54. Ke4 Re8+ 55. Kf3 Re3+ 56. Kf2 Ra3 57. Rb7 g6 58. a7 Kg4 59. Kf1 g5 60. Kf2 Ra2+ 61. Kf1 Kg3 62. Rb2 Ra1+ 0-1